000 00701nam a22002057a 4500
010 _aENG-99752
020 _c300.00
_a9788190659628
035 _aEN-83284
037 _bDBAD / PUB
082 _aS
100 _aKhatry, Vikash
_912324
245 _aWorld famous sherlock holmes stories /
_cby Vikash Khatry
260 _aDelhi
_bPriyanka Prakashan
_c2009
270 _aL-20/13, Ist Floor, Street No.5 Shivaji Marg, Kartar Nagar
_bDelhi
_e110032
300 _a184p.
_c22cm (Hb)
600 _aBaba Visakha Singh
_xBiography.
_912325
700 _910254
942 _2ddc
_cEN
_mKHA
_hS
999 _c41140
_d41140